Správa o vedeckovýskumnej činnosti na Ekonomickej univerzite v Bratislave za rok 2016

Salvato in:
Dettagli Bibliografici
Autore principale: Daňo, Ferdinand, 1959-
Altri autori: Adamek, Gabriel, Bobenič Hintošová, Aneta, 1979-, Brčáková, Martina, Brinčíková, Zuzana, 1979-, Čech, Ľubomír, 1955-, Čiderová, Denisa, 1977-, Hrivíková, Tatiana, 1959-, Kubičková, Viera, 1970-, Lipková, Ľudmila, Šoltés, Erik, 1974-, Tkáčová, Jana, 1977-, Tóth, Miroslav, 1961-, Wallner, Jozef
Natura: Libro
Lingua:slovacco
Pubblicazione: Bratislava Vydavateľstvo EKONÓM 2017
Edizione:1. vydanie
Soggetti:
Tags: Aggiungi Tag
Nessun Tag, puoi essere il primo ad aggiungerne!!

MARC

LEADER 00000nlm a2200000 4500
001 0240014
005 20240827084902.1
020 |a 978-80-225-4479-5 
041 0 |a slo 
044 |a SK 
245 1 0 |a Správa o vedeckovýskumnej činnosti na Ekonomickej univerzite v Bratislave za rok 2016  |c Ferdinand Daňo a kolektív 
250 |a 1. vydanie 
264 1 |a Bratislava  |b Vydavateľstvo EKONÓM  |c 2017 
300 |a CD-ROM [219 s., 11,92 AH] 
610 2 0 |a výskum ekonomický 
610 2 0 |a výskum vedecký 
610 2 0 |a školy vysoké 
610 2 0 |a univerzity 
610 2 0 |a vzdelávanie vysokoškolské 
610 2 0 |a projekty 
610 2 0 |a akreditácia 
610 2 0 |a časopisy 
610 2 0 |a činnosť publikačná 
610 2 0 |a štúdium vysokoškolské 
610 2 0 |a štúdium doktorandské 
100 1 |a Daňo, Ferdinand, 1959- 
700 1 |a Adamek, Gabriel 
700 1 |a Bobenič Hintošová, Aneta, 1979- 
700 1 |a Brčáková, Martina 
700 1 |a Brinčíková, Zuzana, 1979- 
700 1 |a Čech, Ľubomír, 1955- 
700 1 |a Čiderová, Denisa, 1977- 
700 1 |a Hrivíková, Tatiana, 1959- 
700 1 |a Kubičková, Viera, 1970- 
700 1 |a Lipková, Ľudmila 
700 1 |a Šoltés, Erik, 1974- 
700 1 |a Tkáčová, Jana, 1977- 
700 1 |a Tóth, Miroslav, 1961- 
700 1 |a Wallner, Jozef